Actas españolas de psiquiatría (Registro nro. 21911)
[ vista simple ]
| 000 -Cabecera | |
|---|---|
| Campo de control interno | 00767nam a2200253Ia 4500 |
| 005 - Fecha y hora del registro | |
| control field | 20260320113324.0 |
| 008 - Elementos de Longitud Fija | |
| fixed length control field | 260320s9999||||xx |||||||||||||| ||und|| |
| 022 ## - ISSN | |
| ISSN | 11399287 |
| 041 ## - Idioma | |
| Codigo Idioma | ESP |
| 082 ## - DEWEY y NOTACIÓN INTERNA | |
| Dewey | HR 616.89 V. 31 N° 2 2003 |
| Notación Interna | AEP |
| 100 ## - AUTOR | |
| Autor denominación | López-Ibor Aliño, Juan José, |
| Término de relación | director |
| 245 #0 - TÍTULO DE MATERIAL BIBLIOGRÁFICO | |
| Título | Actas españolas de psiquiatría |
| Título paralelo | |
| 246 ## - TÍTULO TRADUCIDO | |
| Título | |
| Título paralelo | |
| Autor | |
| 260 ## - CIUDAD, EDITORIAL, AÑO | |
| Ciudad | Madrid : |
| Nombre de la Editorial | Psiquiatría Editores, |
| Año | 2003 |
| 300 ## - DESCRIPCIÓN | |
| N° Páginas | 105 páginas : |
| Otros detalles | figuras ; |
| Dimensiones | 28 cm. |
| Material Adicional | |
| 440 ## - MENCIÓN DE SERIE | |
| Título de la Serie | |
| Número de Serie | |
| Volumen de Serie | |
| 650 ## - TEMAS | |
| Temas | Psicología |
| 653 ## - DESCRIPTORES | |
| Lenguajes no controlado | Psicología - Revista |
| 654 ## - PROGRAMAS | |
| Programa | Dpto. de Psicología |
| 700 ## - OTROS AUTORES | |
| Otros autores | |
| Títulos y otras palabras asociadas con el nombre | |
| 856 ## - URL - UBICACIÓN | |
| URI/URL: Enlace exacto del recurso | <a href="https://accessmedicina-mhmedical-com.ucsp.lookproxy.com/">https://accessmedicina-mhmedical-com.ucsp.lookproxy.com/</a> |
| Nota pública: Versión digital | <a href="Véase además: Base de datos McGraw Hill Access Medicina">Véase además: Base de datos McGraw Hill Access Medicina</a> |
| 942 ## - ELEMENTOS DE KOHA | |
| Tipo de documento | Revista |
| Nombre del creador | Justo Noguera |
| Código de catalogador | Tania Ramirez |
| Esquema de clasificación | Dewey Decimal Classification |
| Suppress in OPAC | |
| Codigo completo | Registro | Colección | Copia número | Disponibilidad | Tipo de préstamo | Biblioteca Actual | Procedencia (Biblioteca) | Ubicacón | Fecha Ingreso | Tipo de Adquisición | Observación | Date last seen | Total checkouts | Price effective from | Tipo de Item | Estado del Material | Fuente de Clasificación | Damaged status | Withdrawn status |
|---|---|---|---|---|---|---|---|---|---|---|---|---|---|---|---|---|---|---|---|
| HR 616.89 V. 31 N° 2 2003 AEP | 1086309 | Universidad Católica San Pablo | 1 | Disponible | Disponible | Víctor Andrés Belaunde | Víctor Andrés Belaunde | Planta baja abierta | 10/03/2026 | Donación | Libun | 20/03/2026 | 20/03/2026 | Revista | Bueno | Dewey Decimal Classification |




